Online katalóg knižníc regiónu Turca

Ako krtko vyliečil myšku (Record no. 21712)

MARC details
000 -LEADER
fixed length control field 01916nam a2200505 a 4500
001 - CONTROL NUMBER
control field 21712
003 - CONTROL NUMBER IDENTIFIER
control field VRT
005 - DATE AND TIME OF LATEST TRANSACTION
control field 20260309100845.0
008 - FIXED-LENGTH DATA ELEMENTS--GENERAL INFORMATION
fixed length control field 240801s2004 xo a j 000 f slo
015 ## - NATIONAL BIBLIOGRAPHY NUMBER
National bibliography number SNBA2005/04-01210
020 ## - INTERNATIONAL STANDARD BOOK NUMBER
International Standard Book Number 8055108331
Qualifying information (viaz.)
035 ## - SYSTEM CONTROL NUMBER
System control number SNK000437917
035 ## - SYSTEM CONTROL NUMBER
System control number urn:nbn:sk:snk-am3hq4v
035 ## - SYSTEM CONTROL NUMBER
System control number 6FE3B3B5-B054-498A-AB74-4F5A7DF24ABA
035 ## - SYSTEM CONTROL NUMBER
System control number urn:nbn:sk:snk-am00cthm
039 #9 - LEVEL OF BIBLIOGRAPHIC CONTROL AND CODING DETAIL [OBSOLETE]
Level of rules in bibliographic description 202512032029
Level of effort used to assign nonsubject heading access points csnk01
Level of effort used to assign subject headings 202408131137
Level of effort used to assign classification AUTHORITY
Level of effort used to assign subject headings 202408131136
Level of effort used to assign classification AUTHORITY
Level of effort used to assign subject headings 202408011116
Level of effort used to assign classification VLOAD
040 ## - CATALOGING SOURCE
Original cataloging agency SNK
Language of cataloging slo
Transcribing agency SNK
Description conventions AACR2
041 1# - LANGUAGE CODE
Language code of text/sound track or separate title slo
Language code of original cze
044 ## - COUNTRY OF PUBLISHING/PRODUCING ENTITY CODE
MARC country code xo
ISO country code SK
072 #7 - SUBJECT CATEGORY CODE
Subject category code 821.162.3-3
Subject category code subdivision Česká próza
Source konspekt
072 #7 - SUBJECT CATEGORY CODE
Subject category code 821-93
Subject category code subdivision Literatúra pre deti a mládež
Source konspekt
080 ## - UNIVERSAL DECIMAL CLASSIFICATION NUMBER
Universal Decimal Classification number 821-93
Edition identifier MDT-MRF
080 ## - UNIVERSAL DECIMAL CLASSIFICATION NUMBER
Universal Decimal Classification number (0:82-34)
Edition identifier MDT-MRF
080 ## - UNIVERSAL DECIMAL CLASSIFICATION NUMBER
Universal Decimal Classification number 821.162.2-34
Edition identifier MDT-MRF
100 1# - MAIN ENTRY--PERSONAL NAME
Personal name Miler, Zdeněk,
Dates associated with a name 1921-2011
Relationship ill
240 10 - UNIFORM TITLE
Uniform title Jak krtek uzdravil myšku
Language of a work Slovensky
245 10 - TITLE STATEMENT
Title Ako krtko vyliečil myšku
Statement of responsibility, etc. námet a ilustrácie Zdeněk Miler ; napísala Hana Doskočilová ; [preklad Nataša Ďurinová]
250 ## - EDITION STATEMENT
Edition statement 1. vyd.
260 ## - PUBLICATION, DISTRIBUTION, ETC.
Place of publication, distribution, etc. Bratislava
Name of publisher, distributor, etc. Ikar
Date of publication, distribution, etc. 2004
300 ## - PHYSICAL DESCRIPTION
Extent 85 s.
Other physical details fareb. ilustr.
Dimensions 27 cm
655 #7 - INDEX TERM--GENRE/FORM
Genre/form data or focus term české rozprávky
Source of term SNKPH
655 #7 - INDEX TERM--GENRE/FORM
Genre/form data or focus term české príbehy
Source of term SNKPH
655 #7 - INDEX TERM--GENRE/FORM
Genre/form data or focus term literatúra pre deti
Source of term SNKPH
700 1# - ADDED ENTRY--PERSONAL NAME
Personal name Doskočilová, Hana,
Dates associated with a name 1936-2019
Relationship aut
700 1# - ADDED ENTRY--PERSONAL NAME
Personal name Ďurinová, Nataša,
Dates associated with a name 1955-
Relationship trl
942 ## - ADDED ENTRY ELEMENTS (KOHA)
Source of classification or shelving scheme Dewey Decimal Classification
Koha item type Krásna literatúra pre deti
Suppress in OPAC No
949 ## - LOCAL PROCESSING INFORMATION (OCLC)
6 2889748617
a savukPV 7664
949 ## - LOCAL PROCESSING INFORMATION (OCLC)
6 4710710677
a strmkM
b strmk2011/10677
949 ## - LOCAL PROCESSING INFORMATION (OCLC)
6 17A0444189
9 P60, <03>, [BOOK], {603}, -K-
a snkSB 69302
b snkKSP 12664/2004
s 6100:20160606
949 ## - LOCAL PROCESSING INFORMATION (OCLC)
6 17A0450355
9 P60, <04>, [BOOK], {604}
a snkSB 69302 D1
b snkKSP 14221/2004
949 ## - LOCAL PROCESSING INFORMATION (OCLC)
6 273K0484691
9 1
a svkpoC 44263
b svkpo479104
949 ## - LOCAL PROCESSING INFORMATION (OCLC)
6 3869A08853
a bpksh087.5
b bpksh51444
Holdings
Stav vyradenia Strata Poškodenie Spôsob nadobudnutia Domovská knižnica Aktuálna knižnica Dátum nadobudnutia Total checkouts Čiarový kód exemplára Date last seen Typ exemplára
      Dar Obecná knižnica Turčianska Štiavnička Obecná knižnica Turčianska Štiavnička 09.03.2026   4738000307 09.03.2026 Krásna literatúra pre deti
Projekt je podporený Slovenskou asociáciou knižníc
Prevádzkuje Turčianska knižnica Martin 2026